000 01158nac a22003377a 4500
001 BR0809500
003 BR-BrBNA
005 20240105123716.0
008 230509b bl.|||m| |||| 00| 0 por d
040 _aBR-BrBNA
_bpor
_cBiblioteca Nacional de Agricultura
072 _aP31; P35
090 _aP31 BR0809500
100 1 _aSantana, S.O. de
100 1 _aAlmeida, H.A. de
100 1 _aMendonça, J.R.
110 1 _aCentro de Pesquisa do Cacau, Ilhéus, BA (Brasil)
_91613
245 1 _aLevantamento detalhado dos solos da estação experimental lemos maia (Esmai-Ceplac), Una, Bahia, Brasil
260 3 _aIlhéus, BA (Brasil):
_c2008.
300 _a24 p.
490 _aBoletim Técnico - Centro de Pesquisa do Cacau (Brazil)
_vno. 194
_xISSN 0100-0845
500 _aSummaries (En, Pt); 6 tables; 4 illus.; 28 ref.
650 _aSOLO
650 _aESTAÇÃO EXPERIMENTAL
650 _aRECONHECIMENTO DO SOLO
650 _aCULTIVO DO SOLO
650 _aPROPRIEDADE FÍSICO-QUÍMICA
650 _aFERTILIDADE DO SOLO
856 4 0 _dLink DSPACE/MAPA BR0809500
909 _a202312
_bLúcia Elande
_c55
_dLúcia Elande
942 _2AGRIS
_n0
_cMS
999 _c296648
_d296648